LEADER 03681nam 2200697 450 001 9910459744503321 005 20200903223051.0 010 $a3-11-039299-2 010 $a3-11-034106-9 024 7 $a10.1515/9783110341065 035 $a(CKB)3710000000229302 035 $a(EBL)1699619 035 $a(SSID)ssj0001421548 035 $a(PQKBManifestationID)11801941 035 $a(PQKBTitleCode)TC0001421548 035 $a(PQKBWorkID)11409778 035 $a(PQKB)10378024 035 $a(MiAaPQ)EBC1699619 035 $a(DE-B1597)245615 035 $a(OCoLC)906040537 035 $a(OCoLC)913086180 035 $a(DE-B1597)9783110341065 035 $a(Au-PeEL)EBL1699619 035 $a(CaPaEBR)ebr11010144 035 $a(CaONFJC)MIL808656 035 $a(OCoLC)890089752 035 $a(EXLCZ)993710000000229302 100 $a20150205h20142014 uy 0 101 0 $ager 135 $aur|n|---||||| 181 $ctxt 182 $cc 183 $acr 200 10$aRa?ume und identita?ten $estiftsdamen und damenstifte in Ausburg und Edelstetten im 18. jahrhundert /$fvon Dietmar Schiersner 210 1$aBerlin, Germany :$cDe Gruyter Akademie Forschung,$d2014. 210 4$d©2014 215 $a1 online resource (686 p.) 225 1 $aStudien zur Germania Sacra,$x0585-6035 ;$vNeue Folge 4 300 $aDescription based upon print version of record. 311 $a3-11-034091-7 320 $aIncludes bibliographical references and index. 327 $t Frontmatter -- $tVORWORT -- $tINHALTSVERZEICHNIS -- $tI. Räume und Identitäten - Einleitung -- $tII. Eintreten und Austreten -- $tIII. Die Körper Der Damen -- $tIV. Frauen-Zimmer -- $tV. Aussen und Innen -- $tVI. Zeitenräume -- $tVII. 1789: Neue Zeiten - Schluss -- $tAbkürzungen, Quellen und Literatur -- $tEdition -- $tRegister 330 $aErstmals beschreibt Dietmar Schiersner die Damenstifte von Augsburg und Edelstetten im 18. Jahrhundert, die durch Beispiele aus dem Lindauer Stift ergänzt werden. Der Band handelt vom Leben und Sterben der Frauen, die in einer kleinen Gemeinschaft, meist zu acht oder zehnt, als Mitglieder einer kirchlichen Institution leben. Es sind adlige Frauen, deren Familien fast immer zur schwäbischen Reichsritterschaft gehören. Sie erscheinen in den Quellen als Töchter oder Schwestern, Tanten oder Nichten, als Chorfräulein, Kapitulardamen, Äbtissinnen, Junge und Alte. Der Autor verknüpft einen am anthropologischen Raum orientierten Zugang mit kulturwissenschaftlichen Fragestellungen. So werden die sich wandelnden Identitäten von Stift, Stiftsgemeinschaft und einzelner Frau erfasst und erzählt. Im Blick stehen dabei die gesunden wie kranken Körper der Damen, deren Kleidung, Wohnräume und Räume der Imagination: Lesen, Schreiben, Musizieren, wie auch die prägenden Zeit-Räume wie Tag und Jahr, Lebensalter und Generationenkonflikte, Sterbestunde, Ewigkeit und institutionelle Memoria. 410 0$aVero?ffentlichungen des Max-Planck-Instituts fu?r Geschichte.$pStudien zur Germania sacra ;$vNeue Folge 4. 606 $aNuns$zGermany$zAugsburg$xHistory$y18th century 606 $aNuns$zGermany$zBavaria$xHistory$y18th century 606 $aCanonesses$zGermany$zAugsburg$xHistory$y18th century 608 $aElectronic books. 615 0$aNuns$xHistory 615 0$aNuns$xHistory 615 0$aCanonesses$xHistory 676 $a255.9 686 $aBO 1770$2rvk 700 $aSchiersner$b Dietmar$01048244 801 0$bMiAaPQ 801 1$bMiAaPQ 801 2$bMiAaPQ 906 $aBOOK 912 $a9910459744503321 996 $aRa?ume und identita?ten$92476419 997 $aUNINA LEADER 03026nam 2200589 450 001 9910824280303321 005 20170919184633.0 010 $a1-78348-802-6 035 $a(CKB)3710000000657632 035 $a(EBL)4535935 035 $a(SSID)ssj0001663989 035 $a(PQKBManifestationID)16449212 035 $a(PQKBTitleCode)TC0001663989 035 $a(PQKBWorkID)14902859 035 $a(PQKB)10433206 035 $a(PQKBManifestationID)16324801 035 $a(PQKBWorkID)14902860 035 $a(PQKB)24134783 035 $a(MiAaPQ)EBC4535935 035 $a(EXLCZ)993710000000657632 100 $a20160216d2016 uy| 0 101 0 $aeng 135 $aur|n|---||||| 181 $ctxt 182 $cc 183 $acr 200 10$aCulture control critique $eallegories of reading the present /$fFrida Beckman 210 1$aLondon ;$aNew York :$cRowman & Littlefield International,$d2016. 215 $a1 online resource (172 p.) 225 1 $aCritical Perspectives on Theory, Culture and Politics 300 $aDescription based upon print version of record. 311 $a1-78348-801-8 311 $a1-78348-800-X 320 $aIncludes bibliographical references and index. 327 $aIntroduction -- Culture, control, critique. Cultural critique from the Frankfurt School until today -- Formalism, allegory, totality. Allegory and representation -- Allegory and the present -- Space, allegory, control. Spatial preoccupations -- Celebrating ruins: The drowned world, The drought, The crystal world -- Filling the gaps: Crash, Concrete island, High rise -- Coming into allegory: Cocaine nights, Super-Cannes, Millennium people, Kingdom come -- Totalities, allegories and revolutions -- Cultural critique and form -- Time, allegory, control. Timely preoccupations -- In and out of time: "Chronopolis" and in time -- Cultural critique and form -- Vision, allegory, control. Visual preoccupations -- bread and circuses: The hunger games -- Cultural critique and form -- Conclusion. 330 $aCulture Control Critique is an attempt to address the current crisis in cultural critique, situate it in relation to what it sees as a powerful tendency toward political allegory in contemporary Anglo-American mainstream culture, and analyse how this tendency can be understood in relation to the totalizing tendencies of control society. 410 0$aCritical Perspectives on Theory, Culture and Politics 606 $aAllegories 606 $aEnglish fiction$y20th century$xHistory and criticism 606 $aMotion pictures$xPolitical aspects$xHistory and criticism 615 0$aAllegories. 615 0$aEnglish fiction$xHistory and criticism. 615 0$aMotion pictures$xPolitical aspects$xHistory and criticism. 676 $a306.201 700 $aBeckman$b Frida$01213606 801 0$bMiAaPQ 801 1$bMiAaPQ 801 2$bMiAaPQ 906 $aBOOK 912 $a9910824280303321 996 $aCulture control critique$93992053 997 $aUNINA